|
|
|
|
| LEADER |
01180nam a22003251 4500 |
| 001 |
39111 |
| 003 |
BD-DhAAL |
| 005 |
20220719114641.0 |
| 008 |
220719t1971 enka b 000 0 eng d |
| 999 |
|
|
|c 44591
|d 44591
|
| 010 |
|
|
|a 74868480
|
| 015 |
|
|
|a B71-21888
|
| 020 |
|
|
|a 0043301827
|
| 020 |
|
|
|a 0043301835 (pbk.)
|
| 040 |
|
|
|a DLC
|c DLC
|d DLC
|d BD-DhAAL
|
| 050 |
0 |
0 |
|a HB74.M3
|b J575
|
| 082 |
0 |
0 |
|a 330.0184
|
| 100 |
1 |
|
|a Johnson, Harry G.
|q (Harry Gordon),
|d 1923-1977.
|9 49965
|
| 245 |
1 |
4 |
|a The two-sector model of general equilibrium /
|c Harry G. Johnson.
|
| 260 |
|
|
|a London :
|b Allen and Unwin,
|c 1971.
|
| 300 |
|
|
|a 118 pages :
|b illustrations ;
|c 22 cm.
|
| 350 |
|
|
|a £2.50
|
| 490 |
|
|
|a Yrjö Jahnsson lectures
|
| 504 |
|
|
|a Includes bibliographical references.
|
| 541 |
|
|
|a Donated By Akbar Ali Khan
|e 39111
|
| 650 |
|
0 |
|a Economics
|x Mathematical models.
|9 49966
|
| 830 |
|
|
|a Yrjö Jahnsson lectures
|9 49967
|
| 852 |
|
|
|a Ayesha Abed Library
|c Akbar Ali Khan Collection
|
| 942 |
|
|
|2 ddc
|c BK
|
| 952 |
|
|
|0 0
|1 0
|2 ddc
|4 0
|6 330_018400000000000_JOH
|7 1
|9 71282
|a BRACUL
|b BRACUL
|c AAKC
|d 2022-07-19
|e Donated by Akbar Ali Khan
|l 0
|o 330.0184 JOH
|p 3010039111
|r 2022-07-19
|t 1
|w 2022-07-19
|y BK
|